[Event "ch-POL"]
[Site "Warsaw POL"]
[Date "2010.01.17"]
[Round "9"]
[White "Bobras,P"]
[Black "Strzemiecki,Z"]
[Result "1/2-1/2"]
[WhiteElo "2554"]
[BlackElo "2333"]
[EventDate "2010.01.09"]

1. e4 e6 2. d4 d5 3. Nc3 Nc6 4. Nf3 Nf6 5. e5 Ne4 6. Ne2 Bd7 7. Ng3 f5 8.
exf6 Qxf6 9. Bd3 Nxg3 10. hxg3 h6 11. Bg5 Qf7 12. c3 Bd6 13. Qc2 Ne7 14.
Bxe7 Qxe7 15. Bg6+ Kd8 16. O-O-O Rf8 17. Rhe1 Be8 18. Rd2 Bxg6 19. Qxg6 Rf6
20. Qg4 Kd7 21. Ne5+ Ke8 22. Rde2 Bxe5 23. Rxe5 Kf7 24. f4 Re8 25. f5 Qd7
26. Qh5+ Kf8 27. g4 c6 28. Qh4 Kg8 29. Qh3 g5 30. Qe3 Kf7 31. Qd3 Kg7 32.
Qe3 Kf7 33. a3 a5 34. Qd3 Kg7 35. Qe3 Kf7 36. Qd3 Kg7 37. Kd2 Re7 38. Qe3
Kf7 39. Qd3 Kg7 40. Qe3 Kf7 41. Re2 Re8 42. Qd3 Kg7 43. Qe3 Kf7 44. Ke1 a4
45. Kf1 b5 46. Kg1 Re7 47. Qf3 Kg7 48. R2e3 Qd6 49. Qe2 Kf7 50. Qe1 Re8 51.
Qb1 Kg7 52. Qe1 Kf7 53. g3 Re7 54. Kg2 Re8 55. Rf3 Re7 56. Rfe3 Re8 57. Qe2
Re7 58. Kh3 Re8 59. Rf3 Re7 60. fxe6+ Rexe6 61. Rff5 Qe7 1/2-1/2